| 000 | 00000nam##2200000za#4500 |
| 001 | 9.672640 |
| 003 | CaOODSP |
| 005 | 20210615131027 |
| 007 | ta |
| 008 | 150407|2011||||xxc||||| f|0| 0 fre|d |
| 020 | |a978-1-100-52668-3 |
| 040 | |aCaOODSP|bfre |
| 041 | |aeng |
| 041 | |afre |
| 043 | |an-cn--- |
| 086 | 1 |aHS28-19/2011 |
| 110 | 1 |aCanada. |bRessources humaines et développement des compétences Canada. |
| 245 | 10|aBon d'études canadien : |bobtenez 500$ pour l'avenir de votre enfant |
| 260 | |aGatineau - Québec : |bRessources humaines et Développement des compétences Canada |cc2011. |
| 300 | |aTexte français, 8p. : |bphotographies ; |c22 cm. |
| 563 | |aDépliant |
| 590 | |a11-18|b2011-05-06 |
| 691 | 07|aFinancement de l'éducation|2gcpds |
| 776 | 0#|tLe Bon d'études canadien : |w(CaOODSP)9.638285 |
| 776 | 0#|tCanada Learning Bond : |w(CaOODSP)9.694104 |
| 791 | |tCanada Learning Bond : |eeng|w(CaOODSP)9.672639 |
| 986 | |aLC-114-01-11 |